Sports Quiz

Random Sports or Tennis Quiz

Tennis Players Quiz Stats

 Plays Quiz Updated Jan 19, 2015

Challenge
Share
Tweet
Score 0/30 Timer 05:00
0 Plays Today
% Correct
Serena Williams
97.9%
Rafael Nadal
92.3%
Venus Williams
92.1%
Roger Federer
92.1%
Andre Agassi
86%
Andy Murray
85.3%
Novak Djokovic
80.9%
Maria Sharapova
77.8%
Andy Roddick
71.8%
Pete Sampras
69.1%
Lleyton Hewitt
66.7%
Martina Navratilova
64.7%
Li Na
63.6%
Jo-Wilfried Tsonga
57.4%
David Ferrer
50%
% Correct
Justine Henin
49%
Martina Hingis
49%
Lindsay Davenport
48.3%
Tim Henman
47.9%
Juan Martín Del Potro
47.1%
Amélie Mauresmo
45.2%
Victoria Azarenka
43.4%
Tomáš Berdych
42%
Marin Čilić
35.2%
Marion Bartoli
33.1%
Richard Gasquet
28.8%
Agnieszka Radwańska
28.3%
Sabine Lisicki
27%
Fernando Verdasco
24.4%
Mikhail Youzhny
24.2%

You're not logged in!

Compare scores with friends on all Sporcle quizzes.
OR
Log In

You Might Also Like...

Show Comments

Extras

Top Quizzes Today


Score Distribution

Your Account Isn't Verified!

In order to create a playlist on Sporcle, you need to verify the email address you used during registration. Go to your Sporcle Settings to finish the process.

Report this User

Report this user for behavior that violates our Community Guidelines.

Details: